000 00709nam a22002297a 4500
999 _c17065
_d17065
003 AR-CdUCM
008 190507b ||||| |||| 00| 0 spa d
040 _aMUNICIPALIDAD PROVINCIAL DEL CUSCO
_cBIBLIOTECA MUNICIPAL DEL CUSCO
082 _a869.56 /
_bS55
100 _aSilva Oscar.
_911482
245 _aLas estancias del sentimiento /
260 _aArequipa :
_bSilver,
_c1954.
300 _a73 paginas ;
_c18 cm.
440 _aColección Bruma
_936889
505 _aContenido : Poesia
650 _aPoesía peruana
_9806
650 _aLiteratura peruana
_9169
650 _aLiteratura latinoamericana
_91143
650 _aAutores peruanos
_9731
942 _2ddc
_cLIBROS
945 _awnts
_d2019-05-7